000 00716nam a2200289Ia 4500
005 20260324121300.0
008 008 260324s9999 xx 000 0 eng d
020 _a9781315766539
037 _aEBOOK
040 _aCRL
040 _beng
040 _cCRL
041 _2eng
041 _aeng
084 _qCRL
100 _aJohn Innes; William Nikolakis
_91161909
245 0 _aForests and Globalization
245 0 _bChallenges and Opportunities for Sustainable Development
260 _bTaylor and Francis
260 _c2014
365 _a
365 _b240
856 _uhttp://www.taylorfrancis.com/books/9781315766539
942 _cEBOOK
999 _c1753918
_d1753918